000 00741nam a2200253Ia 4500
003 OSt
005 20220928105555.0
006 a|||||r|||| 00| 0
007 ta
008 220927b |||||||| |||| 00| 0 hin d
020 _cINR 700.00
024 _a134830
037 _b70, 08/03/2017, Kiran Book Service
_cTextual
040 _aSDCL
_cSDCL
_bhin
041 _2hin
_ahin
082 _aO152:g, Q6
100 _aMishra Ramdarash
_9393004
245 0 _ahindi alochana
_bPravrittiyan aur adhar bhoomi
260 _aDelhi
_bVidya books
_c2016
300 _a368p.
_ccm.
650 _aHindi
_9391598
942 _hO152:g, Q6
_cTEXL
_2CC
999 _c731723
_d731723